header

Multicultural controversies : (Record no. 61968)

MARC details
000 -LEADER
fixed length control field 01714nam a2200385 i 4500
001 - CONTROL NUMBER
control field ebr10913485
003 - CONTROL NUMBER IDENTIFIER
control field CaPaEBR
006 - FIXED-LENGTH DATA ELEMENTS--ADDITIONAL MATERIAL CHARACTERISTICS--GENERAL INFORMATION
fixed length control field m o d
007 - PHYSICAL DESCRIPTION FIXED FIELD--GENERAL INFORMATION
fixed length control field cr cn|||||||||
008 - FIXED-LENGTH DATA ELEMENTS--GENERAL INFORMATION
fixed length control field 140909t20142014cou ob 000 0 eng d
020 ## - INTERNATIONAL STANDARD BOOK NUMBER
Cancelled/invalid ISBN 9781934542446
International Standard Book Number 9781935790907 (e-book)
040 ## - CATALOGING SOURCE
Original cataloging agency CaPaEBR
Language of cataloging eng
Description conventions rda
-- pn
Transcribing agency CaPaEBR
035 ## - SYSTEM CONTROL NUMBER
System control number (OCoLC)891381737
050 14 - LIBRARY OF CONGRESS CALL NUMBER
Classification number HM1271
Item number .G354 2014eb
082 04 - DEWEY DECIMAL CLASSIFICATION NUMBER
Classification number 305.8
Edition number 23
100 1# - MAIN ENTRY--PERSONAL NAME
Personal name Galfarsoro, Imanol,
Dates associated with a name 1960-
Relator term author.
245 10 - TITLE STATEMENT
Title Multicultural controversies :
Remainder of title political struggles, cultural consumerism and state management /
Statement of responsibility, etc Imanol Galfarsoro.
264 #1 - PRODUCTION, PUBLICATION, DISTRIBUTION, MANUFACTURE, AND COPYRIGHT NOTICE
Place of production, publication, distribution, manufacture Aurora, Colorado :
Name of producer, publisher, distributor, manufacturer The Davies Group, Publishers,
Date of production, publication, distribution, manufacture, or copyright notice 2014.
Date of production, publication, distribution, manufacture, or copyright notice �2014
300 ## - PHYSICAL DESCRIPTION
Extent 1 online resource (204 pages)
336 ## - CONTENT TYPE
Content type term text
Source rdacontent
337 ## - MEDIA TYPE
Media type term computer
Source rdamedia
338 ## - CARRIER TYPE
Carrier type term online resource
Source rdacarrier
504 ## - BIBLIOGRAPHY, ETC. NOTE
Bibliography, etc Includes bibliographical references.
588 ## - SOURCE OF DESCRIPTION NOTE
Source of description note Description based on print version record.
590 ## - LOCAL NOTE (RLIN)
Local note Electronic reproduction. Palo Alto, Calif. : ebrary, 2014. Available via World Wide Web. Access may be limited to ebrary affiliated libraries.
650 #0 - SUBJECT ADDED ENTRY--TOPICAL TERM
Topical term or geographic name as entry element Multiculturalism
General subdivision Philosophy.
Topical term or geographic name as entry element Multiculturalism
General subdivision Political aspects.
Topical term or geographic name as entry element Group identity.
655 #0 - INDEX TERM--GENRE/FORM
Genre/form data or focus term Electronic books.
776 08 - ADDITIONAL PHYSICAL FORM ENTRY
Display text Print version:
Main entry heading Galfarsoro, Imanol, 1960-
Title Multicultural controversies : political struggles, cultural consumerism and state management.
Place, publisher, and date of publication Aurora, Colorado : The Davies Group, Publishers, c2014
Physical description xvi, 188 pages
International Standard Book Number 9781934542446
Record control number 2014015449
797 2# - LOCAL ADDED ENTRY--CORPORATE NAME (RLIN)
Corporate name or jurisdiction name as entry element ebrary.
856 40 - ELECTRONIC LOCATION AND ACCESS
Uniform Resource Identifier <a href="http://site.ebrary.com/lib/rucke/Doc?id=10913485">http://site.ebrary.com/lib/rucke/Doc?id=10913485</a>
Public note An electronic book accessible through the World Wide Web; click to view

No items available.

© 2026 Rongo University
Contact us: librarian | system librarian | Rongo university